مقبولية الألفاظ العربية المقترضة للقارئ الملايوي فى ترجمة القران الكريم إلى اللغة الملايوية /
Saved in:
| Main Author: | |
|---|---|
| Other Authors: | |
| Format: | Thesis |
| Language: | Arabic |
| Published: |
Kuala Lumpur :
Kulliyah of Islamic Revealed Knowledge and Human Sciences, International Islamic University Malaysia,
2012
|
| Subjects: | |
| Tags: |
Add Tag
No Tags, Be the first to tag this record!
|
| LEADER | 023240000a22004210004500 | ||
|---|---|---|---|
| 008 | 120906s2012 my a f m 000 0 ara d | ||
| 040 | |a UIAM |b eng |e rda | ||
| 041 | |a ara | ||
| 043 | |a a-my--- | ||
| 050 | 0 | 0 | |a PL5121 |
| 100 | 0 | |a Noor Faridawati binti Asmuje @ Asmuzi |9 10656 | |
| 242 | |a Maqbuliyah al-alfaz al-'arabiyah al-muqtaradah lil qari al-Malayuwi fi tarjamat al-Qur'an al-Karim ila al-Lughat al-Malayuwiyah | ||
| 245 | 1 | |a مقبولية الألفاظ العربية المقترضة للقارئ الملايوي فى ترجمة القران الكريم إلى اللغة الملايوية / |c إعداد، نور فريداواتي بنت أسموجي @ أسموزي | |
| 264 | 1 | |a Kuala Lumpur : |b Kulliyah of Islamic Revealed Knowledge and Human Sciences, International Islamic University Malaysia, |c 2012 | |
| 300 | |a [xii], 188 leaves : |b illustrations ; |c 30cm. | ||
| 336 | |a text |2 rdacontent | ||
| 337 | |a unmediated |2 rdamedia | ||
| 337 | |a computer |2 rdamedia | ||
| 338 | |a volume |2 rdamedia | ||
| 338 | |a computer disc |2 rdacarrier | ||
| 338 | |a online resource |2 rdacarrier | ||
| 347 | |a text file |b PDF |2 rdaft | ||
| 500 | |a Abstracts in English and Arabic. | ||
| 500 | |a "بحث متطلب مقدم لنيل درجة المجستير في معارف الوحي والتراث (اللغويات)." --On title page. | ||
| 502 | |a Thesis (MAL)--International Islamic University Malaysia, 2012. | ||
| 504 | |a Includes bibliographical references (leaves 162-168). | ||
| 520 | |a | ||
| 650 | 0 | 0 | |a Malay language |x Foreign words and phrases Arabic |9 10657 |
| 650 | 0 | 0 | |a Malay language |x Foreign elements Arabic |9 10658 |
| 655 | 7 | |a Theses, IIUM local | |
| 690 | |a Dissertations, Academic |x Department of Arabic Language and Literature |z IIUM |9 6155 | ||
| 700 | 0 | |a نور فريداواتي بنت أسموجي @ أسموزي |9 10659 | |
| 710 | 2 | |a International Islamic University Malaysia. |b Department of Arabic Language and Literature | |
| 856 | 4 | |z Click here to view 1st 24 pages of the thesis. Members can view fulltext at the specified PCs in the library. | |
| 900 | |a ro-zhmn-sam-aah to ls | ||
| 942 | |2 lcc |n 0 |c THESIS | ||
| 999 | |c 438967 |d 469514 | ||
| 952 | |0 0 |6 T PL 5121 N818M 2012 |7 0 |8 THESES |9 758190 |a IIUM |b IIUM |c MULTIMEDIA |g 0.00 |o t PL 5121 N818M 2012 |p 00011266751 |r 2018-10-01 |t 1 |v 0.00 |y THESIS | ||
